Mastering English grammar

Bibliographic Details
Format: Book
Published: India : Apple Publishing International (P) Ltd , [s.n]
Subjects:

MARC

LEADER 00000cam a2200000 7i4500
001 0000040483
005 20140420.0
008 140420
020 |a 8179045275 
090 0 0 |a 428.2   |b MAS 
245 1 0 |a Mastering English grammar 
260 |a India :   |b Apple Publishing International (P) Ltd ,   |c [s.n] 
650 0 |a English language grammar 
999 |a 0001264171   |b Book   |c Adult Collection   |e Cawangan Bandar Penawar 
999 |a 0001264175   |b Book   |c Adult Collection   |e Cawangan Mersing 
999 |a 0001264178   |b Book   |c Adult Collection   |e Cawangan Segamat 
999 |a 0001282616   |b Book   |c Adult Collection   |e Cawangan AEON Kulaijaya 
999 |a 0001282617   |b Book   |c Adult Collection   |e Cawangan Tmn. Ungku Tun Aminah 
999 |a 0001282618   |b Book   |c Adult Collection   |e Cawangan Pontian 
999 |a 0001291817   |b Book   |c Adult Collection   |e Perbadanan Perpustakaan Awam Johor